000 00425nam a2200145Ia 4500
008 100204s9999 xx 000 0 und d
082 _b19696
100 _aदेशपांडे पुरुषोत्तम लक्ष्मण
245 _aदाद
260 _b"मौज प्रकाशन , पुणे"
_c1997
300 _a198
630 _aदाद
730 _aदाद
942 _cBOOK
999 _c464118
_d464115